<?xml version="1.0" encoding="UTF-8"?>
<collection xmlns:xsi="http://www.w3.org/2001/XMLSchema-instance" xsi:schemaLocation="http://www.loc.gov/MARC21/slim http://www.loc.gov/standards/marcxml/schema/MARC21slim.xsd" xmlns="http://www.loc.gov/MARC21/slim">
 <record>
  <leader>00000ctm a22000003a 4500</leader>
  <controlfield tag="001">UP-1685523046126355295</controlfield>
  <controlfield tag="003">Buklod</controlfield>
  <controlfield tag="005">20210303144512.0</controlfield>
  <controlfield tag="006">m    |o  d |      </controlfield>
  <controlfield tag="007">cr |||||||||||</controlfield>
  <controlfield tag="008">210303s        xx     d     r    |||| u|</controlfield>
  <datafield tag="035" ind1=" " ind2=" ">
   <subfield code="a">(iLib)UPMNL-00016880851</subfield>
  </datafield>
  <datafield tag="040" ind1=" " ind2=" ">
   <subfield code="a">UPDent</subfield>
   <subfield code="e">rda</subfield>
  </datafield>
  <datafield tag="041" ind1="0" ind2=" ">
   <subfield code="a">eng</subfield>
  </datafield>
  <datafield tag="090" ind1=" " ind2="0">
   <subfield code="a">LG995 2009 D45</subfield>
   <subfield code="b">N37</subfield>
  </datafield>
  <datafield tag="100" ind1="1" ind2=" ">
   <subfield code="a">Narvaez, Vicente N.</subfield>
   <subfield code="e">author</subfield>
  </datafield>
  <datafield tag="245" ind1="0" ind2="2">
   <subfield code="a">A creation of U.P.C.D. orthodontic patient database management system</subfield>
   <subfield code="c">Vicente N. Narvaez; thesis/dissertation adviser, Lotus D. Llavore.</subfield>
  </datafield>
  <datafield tag="300" ind1=" " ind2=" ">
   <subfield code="a">101 leaves</subfield>
   <subfield code="c">28 cm.</subfield>
  </datafield>
  <datafield tag="336" ind1=" " ind2=" ">
   <subfield code="a">text</subfield>
   <subfield code="2">rdacontent</subfield>
  </datafield>
  <datafield tag="337" ind1=" " ind2=" ">
   <subfield code="a">unmediated</subfield>
   <subfield code="2">rdamedia</subfield>
  </datafield>
  <datafield tag="500" ind1=" " ind2=" ">
   <subfield code="a">Thesis (Master of Science in Dentistry)--University of the Philippines Manila.</subfield>
  </datafield>
  <datafield tag="520" ind1=" " ind2=" ">
   <subfield code="a">There is a requirement for effective management and record-keeping in today's orthodontic clinics. This paper discusses the principal requirements of a computer program for comprehensive orthodontic department and describes in detail the U.P.C.D. Orthodontic Patient Database Management System. The system design was based on the existing manual way of updating and keeping records in the U.P.C.D. Graduate Program in Orthodontics. A computer application was then developed for the U.P.C.D. Graduate Program in Orthodontics to store the patient records in computer. In this research, Visual Basic 6.0 was used to create and develop the user interface combined with MySQL as the database. The U.P.C.D Orthodontic Patient Database Management System was populated with sample records of 200 patients. The database system was stored with patient's demographic data (patient's name, address, age  sex and etc.), medical and dental histories, diagnostic records, (casts models, intraoral and extra oral photographs,cephalomeric and panoramic radiographs, cephalometric tracings)and treatment records.The security, accuracy, speed and realiability of the U.P.C.D. Orthodontic Patient Database Management System were also evaluated. Based on the results of the trials, the conclusions that were drawn from the study are the following: (1) The U.P.C.D. OPDM System has improved the security of orthodontic patients' record, protecting it from unauthorized uses and abusive authorized uses. (2) U.P.C.D. OPDM System makes sorting and collecting information of orthodontic patients faster and accurate. (3) The U.P.C.D. OPDM System secures the patient's record from loss and allows indefinite record keeping.</subfield>
  </datafield>
  <datafield tag="650" ind1="1" ind2="7">
   <subfield code="a">Medical Records System-Computerized.</subfield>
  </datafield>
  <datafield tag="650" ind1="1" ind2="7">
   <subfield code="a">Database management.</subfield>
  </datafield>
  <datafield tag="650" ind1="1" ind2="7">
   <subfield code="a">Electronic records-Management.</subfield>
  </datafield>
  <datafield tag="700" ind1="0" ind2=" ">
   <subfield code="a">Narvaez, Vicente N.</subfield>
   <subfield code="e">author.</subfield>
  </datafield>
  <datafield tag="700" ind1="0" ind2=" ">
   <subfield code="a">Llavore, Lotus D.</subfield>
   <subfield code="e">thesis/dissertation adviser.</subfield>
  </datafield>
  <datafield tag="905" ind1=" " ind2=" ">
   <subfield code="a">FI</subfield>
  </datafield>
  <datafield tag="852" ind1="0" ind2=" ">
   <subfield code="a">UPMNL</subfield>
   <subfield code="b">DENT</subfield>
   <subfield code="h">LG995 2009 D45 N37</subfield>
  </datafield>
  <datafield tag="942" ind1=" " ind2=" ">
   <subfield code="a">Thesis</subfield>
  </datafield>
 </record>
</collection>
